| 000 | 00471nam a22001817a 4500 | ||
|---|---|---|---|
| 003 | OSt | ||
| 005 | 20160526123307.0 | ||
| 008 | 160526b xxu||||| |||| 00| 0 eng d | ||
| 020 | _a0907102107D | ||
| 040 | _cDLMN. | ||
| 082 | _aRef.QV4D26 | ||
| 245 | _aABPI Data Sheet Compendium. | ||
| 260 |
_aLondon. _bDatapharm Publications Limited. _c1994-95 |
||
| 300 |
_axxvii,1924p; _bill; _c25cm. |
||
| 504 | _aincludes notes. | ||
| 650 |
_aPharmacy. _98975 |
||
| 942 |
_2z _cO_SHELF |
||
| 999 |
_c4163 _d4163 |
||